Fundraising v podmienkach univerzitnej praxe

Saved in:
Bibliographic Details
Main Author: Nimrichterová, Jana
Format: Book Chapter
Language:Slovak
Tags: Add Tag
No Tags, Be the first to tag this record!

MARC

LEADER 00000naa$a2200000$$$4500
001 0133806
005 20240614121751.7
041 0 |a slo 
044 |a CZ 
245 1 0 |a Fundraising v podmienkach univerzitnej praxe  |c Jana Nimrichterová 
100 1 |a Nimrichterová, Jana